Sports Quiz

Random Sports or MLB Quiz

MLB All-Star Third Baseman (AL) Quiz Stats

 Plays Quiz Updated Jul 12, 2019

Score 0/90 Timer 10:00
1 Play Today
Year Name % Correct
2001Alex Rodriguez
97.4%
2004Alex Rodriguez
97.4%
2005Alex Rodriguez
97.4%
2006Alex Rodriguez
97.4%
2007Alex Rodriguez
97.4%
2008Alex Rodriguez
97.4%
1976George Brett
88.2%
1977George Brett
88.2%
1978George Brett
88.2%
1979George Brett
88.2%
1981George Brett
88.2%
1982George Brett
88.2%
1983George Brett
88.2%
1984George Brett
88.2%
1985George Brett
88.2%
1997Cal Ripken
83.8%
1998Cal Ripken
83.8%
1999Cal Ripken
83.8%
2010Evan Longoria
83.4%
1961 (1)Brooks Robinson
83%
1961 (2)Brooks Robinson
83%
1964Brooks Robinson
83%
1965Brooks Robinson
83%
1966Brooks Robinson
83%
1967Brooks Robinson
83%
1968Brooks Robinson
83%
1971Brooks Robinson
83%
1972Brooks Robinson
83%
1973Brooks Robinson
83%
1974Brooks Robinson
83%
Year Name % Correct
2013Miguel Cabrera
82.2%
2015Josh Donaldson
81.3%
1986Wade Boggs
80.3%
1987Wade Boggs
80.3%
1988Wade Boggs
80.3%
1989Wade Boggs
80.3%
1990Wade Boggs
80.3%
1991Wade Boggs
80.3%
1992Wade Boggs
80.3%
1993Wade Boggs
80.3%
1994Wade Boggs
80.3%
1995Wade Boggs
80.3%
1996Wade Boggs
80.3%
2012Adrian Beltre
80%
2011Adrian Beltre
78.4%
2016Manny Machado
75%
2014Josh Donaldson
72.9%
2019Alex Bregman
71.8%
2018José Ramírez
69.6%
2017José Ramírez
64.4%
2009Michael Young
60.7%
2003Troy Glaus
59.2%
1975Graig Nettles
54.9%
1980Graig Nettles
54.9%
1959 (1)Harmon Killebrew
52.5%
1970Harmon Killebrew
52.5%
1934Jimmie Foxx
34.9%
1935Jimmie Foxx
34.9%
1969Sal Bando
30.2%
2000Travis Fryman
28.4%
Year Name % Correct
1952Al Rosen
24.2%
1953Al Rosen
24.2%
1947George Kell
19.5%
1949George Kell
19.5%
1950George Kell
19.5%
1951George Kell
19.5%
1956George Kell
19.5%
1957George Kell
19.5%
2002Shea Hillenbrand
15.4%
1942Ken Keltner
15.1%
1943Ken Keltner
15.1%
1944Ken Keltner
15.1%
1946Ken Keltner
15.1%
1948Ken Keltner
15.1%
1958Frank Malzone
12.7%
1959 (2)Frank Malzone
12.7%
1960 (1)Frank Malzone
12.7%
1960 (2)Frank Malzone
12.7%
1963Frank Malzone
12.7%
1954Ray Boone
9.2%
1962 (1)Rich Rollins
9.2%
1962 (2)Rich Rollins
9.2%
1937Red Rolfe
8.4%
1939Red Rolfe
8.4%
1933Jimmie Dykes
4.8%
1940Cecil Travis
4.4%
1941Cecil Travis
4.4%
1938Buddy Lewis
3.5%
1936Pinky Higgins
2.8%
1955Jim Finigan
2.6%

You're not logged in!

Compare scores with friends on all Sporcle quizzes.
OR
Log In

Sporcle TV

Today on Sporcle TV


Watch our educational content, quiz creation guides, and fun videos on Sporcle TV.

Show Comments

Extras

Top Quizzes Today


Score Distribution

Your Account Isn't Verified!

In order to create a playlist on Sporcle, you need to verify the email address you used during registration. Go to your Sporcle Settings to finish the process.

Report this User

Report this user for behavior that violates our Community Guidelines.

Details: